| 000 | 00632nam a22001577a 4500 | ||
|---|---|---|---|
| 999 |
_c13892 _d13892 |
||
| 008 | 190508b ||||| |||| 00| 0 eng d | ||
| 082 |
_22019 _aUT 1286 _bM27 |
||
| 100 |
_aMangotara, Noraima D. _938680 |
||
| 245 |
_aFactors that influence student's choice to enroll in accounting program: _bbasis for intervention program / _cNoraima D. Mangotara, Ronalie S. Caballero, and Rea Tanga-an. |
||
| 260 |
_aDigos City: _bUMDC, _cMarch 2019. |
||
| 300 |
_a57 pages; _c30 cm. |
||
| 650 |
_aAccounting Technology _xUndergraduate thesis. _938671 |
||
| 700 |
_aCaballero, Ronalie S. _938681 |
||
| 700 |
_aTanga-an, Rea. _938682 |
||
| 942 |
_2ddc _cUT |
||